Países sem o vermelho na bandeira - Statistics

Estatísticas Gerais
  • Esse quiz foi jogado 198 vezes
  • A pontuação média é 20 de 46
Estatísticas das Respostas
País Cores % Correto
Brasil Amarelo, Verde Escuro, Azul Escuro e Branco
94%
Argentina Azul Claro, Branco e Amarelo
89%
Uruguai Branco, Amarelo e Azul Claro
81%
Irlanda Laranja, Branco e Verde Escuro
67%
Finlândia Branco e Azul Escuro
64%
Suécia Amarelo e Azul Marinho
61%
Ucrânia Amarelo e Azul Claro
60%
Grécia Azul Escuro e Branco
59%
Estônia Azul Escuro, Preto e Branco
57%
Índia Laranja, Azul Escuro, Branco e Verde Claro
57%
Jamaica Preto, Amarelo e Verde Escuro
57%
Níger Laranja, Branco e Verde Escuro
56%
Arábia Saudita Verde Escuro e Branco
55%
Cazaquistão Amarelo e Azul Claro
53%
Guatemala Azul Claro, Branco, Amarelo e Verde Escuro
53%
El Salvador Azul Claro, Branco, Verde Escuro e Azul Marinho
50%
Vaticano Cinza, Amarelo e Branco
50%
Costa do Marfim Verde Escuro, Branco e Laranja
49%
Nicarágua Azul Escuro, Branco
49%
Nígeria Verde Escuro e Branco
49%
Honduras Azul Escuro e Branco
47%
Israel Branco e Azul Escuro
46%
Palau Amarelo e Azul Claro
44%
Paquistão Verde Escuro e Branco
42%
Catar Vinho e Branco
39%
Kosovo Laranja, Branco e Azul Escuro
38%
Letônia Vinho e Branco
36%
Somália Branco e Azul Claro
36%
Bahamas Preto, Azul Claro e Amarelo
34%
Barbados Preto, Azul Escuro e Amarelo
34%
Chipre Laranja, Branco e Verde Escuro
34%
Uzbequistão Azul Claro, Branco e Verde Claro
34%
Botsuana Branco, Azul Claro e Preto
33%
Bósnia & Herzegovina Amarelo, Azul Escuro e Branco
32%
Santa Lúcia Amarelo, Azul Claro, Branco e Preto
32%
Estados Federados da Micronésia Branco e Azul Claro
28%
Gabão Verde Claro, Amarelo e Azul Escuro
26%
Turquemenistão Marrom, Laranja, Verde Escuro e Branco
26%
Tanzânia Preto, Amarelo, Azul Escuro e Verde Claro
23%
Serra Leoa Branco, Azul Claro e Verde Claro
22%
São Vicente e Granadinas Azul Escuro, Verde Escuro e Amarelo
20%
Nauru Branco, Azul Escuro e Amarelo
18%
Ruanda Azul Claro, Amarelo, Verde Escuro e Laranja
18%
Ilhas Salomão Amarelo, Verde Escuro, Azul Escuro e Branco
16%
Madagascar Laranja, Verde Escuro e Branco
13%
Quênia Preto, Verde Escuro, Branco e Vinho
11%
Nenhum quiz correspondente encontrado
Distribuição das Pontuações
Porcentagem de Pessoas com Cada Pontuação
Percentil de Números Respondidos
Sua Pontuação Histórica
Você não jogou esse quiz